A. WESLEY POWELL LEARNING RESOURCE CENTRE (WPLRC)

Wonderful Place to Learn, Research & Collaborate

CAPE Caribbean Studies An interdisciplinary Approach (Record no. 2944)

MARC details
000 -LEADER
fixed length control field 00613nam a22002177a 4500
001 - ACCESSION NUMBER
control field 43147,40311,43146,40312
003 - CONTROL NUMBER IDENTIFIER
control field OSt
005 - DATE AND TIME OF LATEST TRANSACTION
control field 20150610095310.0
008 - FIXED-LENGTH DATA ELEMENTS--GENERAL INFORMATION
fixed length control field 150610b xxu||||| |||| 00| 0 eng d
020 ## - INTERNATIONAL STANDARD BOOK NUMBER
International Standard Book Number 9781405062978
040 ## - CATALOGING SOURCE
Transcribing agency ddc
082 ## - DEWEY DECIMAL CLASSIFICATION NUMBER
Classification number 300.729
100 ## - MAIN ENTRY--PERSONAL NAME
Relator code Mohammed,Jeniffer
245 ## - TITLE STATEMENT
Title CAPE Caribbean Studies An interdisciplinary Approach
Statement of responsibility, etc. Jeniffer, Mohammed
260 ## - PUBLICATION, DISTRIBUTION, ETC. (IMPRINT)
Place of publication, distribution, etc. Trinidad & Tobago
Name of publisher, distributor, etc. Macmillan Caribbean
Date of publication, distribution, etc. 2007
300 ## - PHYSICAL DESCRIPTION
Extent xii,468p.
Other physical details ill. Col.
Dimensions 24cm
504 ## - BIBLIOGRAPHY, ETC. NOTE
Bibliography, etc Glossary,Index
600 ## - SUBJECT ADDED ENTRY--PERSONAL NAME
Title of a work Caribbean Studies
630 ## - SUBJECT ADDED ENTRY--UNIFORM TITLE
Title of a work Caribbean- History
942 ## - ADDED ENTRY ELEMENTS (KOHA)
Source of classification or shelving scheme Dewey Decimal Classification
Koha item type Books
Holdings
Withdrawn status Lost status Source of classification or shelving scheme Damaged status Not for loan Home library Current library Date acquired Total Checkouts Full call number Barcode Date last seen Price effective from Koha item type Date last checked out
    Dewey Decimal Classification     Wesley Powell Learning Resource Centre Wesley Powell Learning Resource Centre 06/10/2015   R/WIC/300.729 MOH 43147 06/10/2015 06/10/2015 RBC Books  
    Dewey Decimal Classification     Wesley Powell Learning Resource Centre Wesley Powell Learning Resource Centre 06/10/2015   R/WIC/300.729 MOH 40311 06/10/2015 06/10/2015 RBC Books  
    Dewey Decimal Classification   Staff Collection Wesley Powell Learning Resource Centre Wesley Powell Learning Resource Centre 06/10/2015   R/WIC/300.729 MOH 43146 06/10/2015 06/10/2015 RBC Books  
    Dewey Decimal Classification     Wesley Powell Learning Resource Centre Wesley Powell Learning Resource Centre 06/10/2015 1 R/WIC/300.729 MOH 40312 02/20/2020 06/10/2015 RBC Books 02/20/2020